[Event "KEM 2011/2012"]
[Site "Recklinghausen"]
[Date "2011.11.12"]
[Round "2"]
[White "Heiduk, Christopher"]
[Black "Breuckmann, Walter"]
[Result "0-1"]
[WhiteElo "1364"]
[BlackElo "1607"]
[PlyCount "102"]
[EventDate "2011.??.??"]
[EventType "swiss"]
[EventCountry "GER"]

1. d4 d5 2. Nf3 Nf6 3. e3 e6 4. Bd3 Bd6 5. O-O O-O 6. b3 c6 7. Bb2 Nbd7 8. Ne5
Bc7 9. Nd2 Nxe5 10. dxe5 Nd7 11. f4 f5 12. Nf3 Nc5 13. Ba3 Bb6 14. Nd4 Re8 15.
Bxc5 Bxc5 16. Qe2 Be7 17. c4 c5 18. Nc2 Qb6 19. Kh1 Bd7 20. cxd5 exd5 21. Rac1
Rac8 22. Rfd1 Be6 23. Ne1 Rc7 24. Nf3 Rec8 25. Ng5 Bxg5 26. fxg5 g6 27. Qd2 c4
28. bxc4 dxc4 29. Bf1 c3 30. Qd6 Rc6 31. Qe7 Qc7 32. Qxc7 R8xc7 33. Rc2 Rc5 34.
Rdc1 b5 35. a3 a6 36. Bd3 Bb3 37. Re2 Rxe5 38. g3 Rd5 39. Bc2 Bxc2 40. Rcxc2
Re5 41. Kg2 Kf7 42. Kf3 Ke6 43. e4 a5 44. exf5+ gxf5 45. Rxe5+ Kxe5 46. Ke3 b4
47. axb4 axb4 48. Kd3 Rd7+ 49. Ke3 Kd5 50. Rf2 Kc4 51. Rxf5 c2 0-1

[Event "KEM 2011/2012"]
[Site "Recklinghausen"]
[Date "2011.11.12"]
[Round "2"]
[White "Krolik, Wilfried"]
[Black "Schawacht, Max"]
[Result "0-1"]
[WhiteElo "1611"]
[BlackElo "1730"]
[PlyCount "50"]
[EventDate "2011.??.??"]
[EventType "swiss"]
[EventCountry "GER"]

1. e4 e5 2. Nf3 Nc6 3. Bb5 Nge7 4. c3 a6 5. Ba4 g6 6. d4 exd4 7. cxd4 b5 8. Bc2
Bg7 9. Be3 O-O 10. Qd2 f5 11. Bh6 fxe4 12. Bxe4 d5 13. Bc2 Bf5 (13... Bxh6 $1
14. Qxh6 Rxf3 15. gxf3 Nxd4 16. Bd3 Nxf3+ 17. Kf1 Nf5 18. Bxf5 Bxf5 19. Nd2 Nd4
20. h4 Qd7 21. Kg2 Bg4 22. Qg5 Rf8 23. Rae1 Nf3 24. Re7 Nxg5 25. Rxd7 Bxd7) 14.
Bxg7 Kxg7 15. O-O Bxc2 16. Qxc2 Rxf3 17. gxf3 Nxd4 18. Qc3 (18. Qc5 Nef5) 18...
Nef5 19. b4 Kg8 20. Qd3 (20. Kh1) 20... Nh4 21. f4 Nhf3+ 22. Kg2 Qh4 23. h3 (
23. Qe3 $4 Qxh2#) 23... Qxf4 24. Rh1 Nh4+ 25. Kf1 (25. Kg1 Qc1+ 26. Kh2 Qg5 27.
Qg3 Ndf3+ 28. Qxf3 Nxf3#) 25... Qc1+ 0-1

[Event "KEM 2011/2012"]
[Site "Recklinghausen"]
[Date "2011.11.12"]
[Round "2"]
[White "Lange, Werner"]
[Black "Brautmeier, Jens"]
[Result "1-0"]
[WhiteElo "1580"]
[BlackElo "1383"]
[PlyCount "39"]
[EventDate "2011.??.??"]
[EventType "swiss"]
[EventCountry "GER"]

1. e4 e5 2. f4 exf4 3. Nf3 Nc6 4. Bc4 Bc5 5. d4 Bb6 6. Bxf4 d6 7. c3 Bg4 8. O-O
Qe7 9. Kh1 O-O-O 10. Nbd2 Nf6 11. Qc2 (11. Bg5 {1.25 v 0.92} h6 12. Bxf6 Qxf6
13. Qe1 Qe7 14. b4 a6 15. a4) 11... Bxf3 (11... d5 {0.92 v 1.33} 12. Bg5 Bxf3
13. Nxf3 dxc4 14. e5 Qd7 15. exf6 g6) 12. Rxf3 h6 13. b4 Rhe8 14. Bd3 a6 15. a4
d5 (15... Bxd4 {1.28 v 3.39} 16. b5 Nb4 17. cxb4 Bxa1 18. bxa6 Be5 19. Nb3 Kb8)
16. e5 Nd7 17. b5 Na5 18. bxa6 bxa6 19. Bxa6+ Nb7 (19... Kb8 {3.58 v 9.48} 20.
Rb1 Ka8 21. Bd3 Rb8 22. Nf1 c6 23. Bg3 Bc7) 20. a5 1-0

[Event "KEM 2011/2012"]
[Site "Recklinghausen"]
[Date "2011.11.12"]
[Round "2"]
[White "Mittmann, Volker"]
[Black "Delling, JŸrgen"]
[Result "1-0"]
[WhiteElo "1938"]
[BlackElo "1655"]
[PlyCount "83"]
[EventDate "2011.??.??"]
[EventType "swiss"]
[EventCountry "GER"]

1. c4 e6 2. g3 Nf6 3. Bg2 d5 4. Nf3 Nc6 5. d4 Bb4+ 6. Bd2 O-O 7. a3 Bxd2+ 8.
Nbxd2 Re8 9. O-O Rb8 10. Rc1 e5 11. cxd5 Nxd5 12. e4 Nf6 13. d5 Nd4 14. Nxd4
exd4 15. Qa4 Bd7 16. Qxd4 Bb5 17. Rfe1 b6 18. a4 Bd7 19. b3 Re7 20. e5 Ne8 21.
Qf4 Bc8 22. Rcd1 Bb7 23. Ne4 Rd7 24. Nc3 a6 25. h4 h6 26. Be4 Bc8 27. b4 Bb7
28. Qf5 g6 29. Qf4 Kg7 30. h5 Qg5 31. Qxg5 hxg5 32. hxg6 fxg6 33. Kg2 Re7 34.
f4 gxf4 35. gxf4 g5 36. Kf3 gxf4 37. Rg1+ Kf8 38. Kxf4 Rf7+ 39. Ke3 Ng7 40. Bg6
Rd7 41. Rdf1+ Ke7 42. Rf7+ 1-0

[Event "KEM 2011/2012"]
[Site "Recklinghausen"]
[Date "2011.11.12"]
[Round "2"]
[White "Strohmann, Marc"]
[Black "Schulze Bisping, Franz-Adolf"]
[Result "1/2-1/2"]
[WhiteElo "1673"]
[BlackElo "1919"]
[PlyCount "76"]
[EventDate "2011.??.??"]
[EventType "swiss"]
[EventCountry "GER"]

1. c4 f5 2. d4 Nf6 3. g3 e6 4. Bg2 Bb4+ 5. Bd2 Qe7 6. Nf3 O-O 7. O-O Bxd2 8.
Nbxd2 d6 9. Qc2 Nc6 10. e4 fxe4 11. Nxe4 Bd7 12. Rfe1 Nxe4 13. Qxe4 Rae8 14.
Rad1 Qf6 15. Rd2 Nd8 16. Qd3 Nf7 17. b4 a6 18. b5 axb5 19. cxb5 c6 20. a4 cxb5
21. axb5 Qd8 22. Rb1 Qb6 23. Rdb2 Rc8 24. Nd2 d5 25. Rb4 Nd6 26. Bf1 e5 27.
dxe5 Qxf2+ 28. Kh1 Bf5 29. Qxd5+ Nf7 30. Rf4 Rc5 31. Qxf7+ Rxf7 32. Rxf2 Bxb1
33. Rxf7 Kxf7 34. Nxb1 Rxe5 35. Kg2 Rc5 36. Kf2 g5 37. Bd3 h5 38. h3 Kf6
1/2-1/2

[Event "KEM 2011/2012"]
[Site "Recklinghausen"]
[Date "2011.11.12"]
[Round "2"]
[White "Strozewski, Frank"]
[Black "Homann, Dieter"]
[Result "1-0"]
[WhiteElo "1991"]
[BlackElo "1565"]
[PlyCount "53"]
[EventDate "2011.??.??"]
[EventType "swiss"]
[EventCountry "GER"]

1. c4 e5 2. Nc3 Nf6 3. e4 c6 4. d3 d6 5. g3 Be7 6. Bg2 O-O 7. Nge2 Na6 8. O-O
Nc7 9. f4 Rb8 10. Be3 c5 11. h3 b5 12. b3 a6 13. Kh2 Bg4 14. Qd2 Bxe2 15. Qxe2
Ne6 16. Rae1 h5 17. fxe5 dxe5 18. Nd5 h4 19. Rf5 hxg3+ 20. Kh1 Nd7 21. Rg1 Nd4
22. Bxd4 cxd4 23. Bf1 bxc4 24. dxc4 Bh4 25. Qg4 g5 26. Rxg3 f6 27. Qxh4 1-0

[Event "KEM 2011/2012"]
[Site "Recklinghausen"]
[Date "2011.11.12"]
[Round "2"]
[White "Wickenfeld, Stefan"]
[Black "Pientka, Roman"]
[Result "1-0"]
[WhiteElo "2112"]
[BlackElo "1709"]
[PlyCount "55"]
[EventDate "2011.??.??"]
[EventType "swiss"]
[EventCountry "GER"]

1. d4 d5 2. Nf3 Nf6 3. g3 Bf5 4. c4 e6 5. Bg2 h6 6. Nc3 c6 7. Qb3 b6 8. Ne5 Bd6
9. Bf4 O-O 10. O-O Ng4 11. Rfd1 Qc7 12. Rac1 f6 13. Nd3 e5 14. cxd5 exf4 15.
dxc6+ Kh8 16. Nb5 Qe7 17. Nxd6 Qxd6 18. c7 fxg3 19. hxg3 Na6 20. Bxa8 Rxa8 21.
Qb5 Qe6 22. Qxa6 Qxe2 23. Re1 Qf3 24. c8=Q+ Rxc8 25. Rxc8+ Kh7 26. Rc3 Be4 27.
Rxe4 Qxe4 28. Qc8 1-0

[Event "KEM 2011/2012"]
[Site "Recklinghausen"]
[Date "2011.11.12"]
[Round "2"]
[White "Wimber, Hartmut"]
[Black "Sekulla, Markus"]
[Result "1-0"]
[WhiteElo "1850"]
[BlackElo "1637"]
[PlyCount "39"]
[EventDate "2011.??.??"]
[EventType "swiss"]
[EventCountry "GER"]

1. d4 e6 2. Nf3 Be7 3. e3 Nf6 4. Bd3 Nc6 5. c3 d6 6. Nbd2 e5 7. h3 O-O 8. O-O
Re8 9. e4 exd4 10. cxd4 Bd7 11. Re1 h6 12. b3 Bf8 13. Nf1 Re7 14. Ng3 Qe8 15.
Bb2 Nh7 16. Qd2 g6 17. d5 Ne5 18. Nxe5 dxe5 19. Ba3 Ng5 20. h4 1-0

[Event "KEM 2011/2012"]
[Site "Recklinghausen"]
[Date "2011.10.21"]
[Round "1.16"]
[White "Breuckmann, Walter"]
[Black "Wimber, Hartmut"]
[Result "1/2-1/2"]
[WhiteElo "1607"]
[BlackElo "1889"]
[PlyCount "42"]
[EventDate "2011.??.??"]
[EventType "swiss"]
[EventCountry "GER"]

1. d4 Nf6 2. Nf3 c5 3. e3 cxd4 4. exd4 g6 5. c3 Bg7 6. Bd3 d6 7. Nbd2 O-O 8.
O-O Nc6 9. Ne4 Re8 10. Nxf6+ Bxf6 11. Re1 e5 12. dxe5 dxe5 13. Be4 Qc7 14. Bh6
Bg4 15. h3 Rad8 16. Qe2 Bxf3 17. Qxf3 Bg7 18. Bxg7 Kxg7 19. Bxc6 bxc6 20. Rad1
e4 21. Qe3 f5 1/2-1/2

[Event "KEM 2011/2012"]
[Site "Recklinghausen"]
[Date "2011.10.21"]
[Round "1.15"]
[White "Schulze Bisping, Franz-Adolf"]
[Black "Grothuesmann, Heinz"]
[Result "1-0"]
[WhiteElo "1923"]
[BlackElo "1634"]
[PlyCount "69"]
[EventDate "2011.??.??"]
[EventType "swiss"]
[EventCountry "GER"]

1. d4 Nf6 2. Nf3 b6 3. c4 e6 4. Bg5 Bb7 5. Nc3 h6 6. Bh4 Bb4 7. Rc1 g5 8. Bg3
Ne4 9. e3 f5 10. Ne5 Nf6 11. Nd3 Bxc3+ 12. Rxc3 d6 13. f3 Nbd7 14. Be2 Qe7 15.
b4 a5 16. a3 axb4 17. axb4 e5 18. O-O h5 19. b5 h4 20. Be1 h3 21. g3 f4 22. Nb4
e4 23. Nc6 Qg7 24. Qb1 exf3 25. Rxf3 O-O 26. exf4 g4 27. Rfe3 Rae8 28. Bf2 Rxe3
29. Rxe3 Bxc6 30. bxc6 Nb8 31. d5 Na6 32. Re6 Nc5 33. Bxc5 bxc5 34. Qf5 Rf7 35.
Qg5 1-0

[Event "KEM 2011/2012"]
[Site "Recklinghausen"]
[Date "2011.10.14"]
[Round "1.11"]
[White "Brautmeier, Jens"]
[Black "Strohmann, Marc"]
[Result "0-1"]
[WhiteElo "1383"]
[BlackElo "1673"]
[PlyCount "38"]
[EventDate "2011.??.??"]
[EventType "swiss"]
[EventCountry "GER"]

1. d4 Nf6 2. Nf3 g6 3. Bg5 Bg7 4. Bxf6 Bxf6 5. e3 O-O 6. Nbd2 d5 7. c4 c6 8.
cxd5 cxd5 9. Be2 Nc6 10. O-O Bf5 11. a3 Rc8 12. Bb5 Qb6 13. Bxc6 Rxc6 14. b4 a5
15. bxa5 Qxa5 16. Ra2 Rc3 17. Nb3 Qa7 18. Nc5 b6 19. Qa1 Rxc5 0-1

[Event "KEM 2011/2012"]
[Site "Recklinghausen"]
[Date "2011.10.14"]
[Round "1.2"]
[White "Callenberg, Ralf"]
[Black "Krolik, Wilfried"]
[Result "0-1"]
[WhiteElo "2125"]
[BlackElo "1611"]
[PlyCount "60"]
[EventDate "2011.??.??"]
[EventType "swiss"]
[EventCountry "GER"]

1. c4 Nf6 2. g3 g6 3. Bg2 Bg7 4. e4 d6 5. Ne2 e5 6. Nbc3 O-O 7. O-O Be6 8. d3
Nc6 9. Nd5 Ne8 10. Nec3 Qd7 11. b4 Bh3 12. a4 Bxg2 13. Kxg2 f5 14. f3 Nd4 15.
Rb1 c6 16. Ne3 f4 17. Nc2 Nxc2 18. Qxc2 g5 19. g4 Nf6 20. h3 h5 21. Qe2 Rf7 22.
Rg1 hxg4 23. hxg4 Nxg4 24. Kf1 Ne3+ 25. Bxe3 fxe3 26. Ke1 Raf8 27. Rg3 g4 28.
fxg4 Rf1+ 29. Qxf1 Rxf1+ 30. Kxf1 Qf7+ 0-1

[Event "KEM 2011/2012"]
[Site "Recklinghausen"]
[Date "2011.10.14"]
[Round "1.4"]
[White "Czarnik, Josef"]
[Black "Lange, Werner"]
[Result "1-0"]
[WhiteElo "2007"]
[BlackElo "1580"]
[PlyCount "43"]
[EventDate "2011.??.??"]
[EventType "swiss"]
[EventCountry "GER"]

1. d4 g6 2. e4 Bg7 3. Be3 c5 4. c3 cxd4 5. Bxd4 Nf6 6. e5 Nh5 7. Qf3 f5 8. exf6
Nxf6 9. Bc4 Nc6 10. Ne2 Nxd4 11. Nxd4 e6 12. Na3 O-O 13. O-O-O d5 14. Bb3 Ne4
15. Qe3 Nxf2 16. Nxe6 Bxe6 17. Qxe6+ Kh8 18. Rxd5 Qc7 19. Re1 Bxc3 20. bxc3
Qxc3+ 21. Nc2 Nd3+ 22. Rxd3 1-0

[Event "KEM 2011/2012"]
[Site "Recklinghausen"]
[Date "2011.10.14"]
[Round "1.5"]
[White "Homann, Dieter"]
[Black "Eckert, Marius"]
[Result "1-0"]
[WhiteElo "1565"]
[BlackElo "1947"]
[PlyCount "28"]
[EventDate "2011.??.??"]
[EventType "swiss"]
[EventCountry "GER"]

1. e4 e5 2. Nf3 Nc6 3. Bb5 a6 4. Ba4 Nf6 5. O-O b5 6. Bb3 Be7 7. Re1 O-O 8. a4
Bb7 9. axb5 axb5 10. Rxa8 Qxa8 11. Nc3 Qa5 12. Nd5 d6 13. Nxf6+ Bxf6 14. d3 Ne7
{Handyklingeln!} 1-0

[Event "KEM 2011/2012"]
[Site "Recklinghausen"]
[Date "2011.10.14"]
[Round "1.3"]
[White "Mayeres, Hans-Christian"]
[Black "Strozewski, Frank"]
[Result "1/2-1/2"]
[WhiteElo "1591"]
[BlackElo "2046"]
[PlyCount "89"]
[EventDate "2011.??.??"]
[EventType "swiss"]
[EventCountry "GER"]

1. c4 g6 2. Nc3 Bg7 3. g3 c5 4. Bg2 Nc6 5. Nf3 d6 6. O-O e5 7. d3 Nge7 8. e4
O-O 9. Ne1 f5 10. f4 Nd4 11. Nf3 Nec6 12. Nxd4 exd4 13. Nd5 Be6 14. exf5 gxf5
15. Re1 Qd7 16. Rxe6 Qxe6 17. Nc7 Qd7 18. Nxa8 Rxa8 19. Bd2 Re8 20. Qf1 Ne7 21.
Qf3 b6 22. b3 Kh8 23. Re1 {(=)} Ng8 24. Re2 Nf6 25. Rxe8+ Qxe8 26. Qa8 Qxa8 27.
Bxa8 Kg8 28. Bb7 Kf7 29. Kg2 Ne8 30. b4 Bf8 31. b5 Nc7 32. a4 Ke6 33. Bc8+ Kf6
34. Bb7 Be7 35. Kf3 {(=)} h5 36. h3 Kg6 37. Be1 Ne8 38. Bd2 Nf6 39. Be1 Bd8 40.
Bc6 Kf7 41. Bb7 Kg7 42. Bc8 Kg6 43. Bb7 Ng8 44. Bd2 Ne7 45. Be1 1/2-1/2

[Event "KEM 2011/2012"]
[Site "Recklinghausen"]
[Date "2011.10.14"]
[Round "1.1"]
[White "Odenwald, Andreas"]
[Black "Wickenfeld, Stefan"]
[Result "0-1"]
[WhiteElo "1626"]
[BlackElo "1973"]
[PlyCount "70"]
[EventDate "2011.??.??"]
[EventType "swiss"]
[EventCountry "GER"]

1. Nc3 g6 2. e4 Bg7 3. f4 Nc6 4. Nf3 e5 5. d3 Nge7 6. Be2 O-O 7. fxe5 Nxe5 8.
Nxe5 Bxe5 9. d4 Bg7 10. O-O d5 11. Bg5 dxe4 12. d5 f5 13. Qd2 a6 14. Bc4 Kh8
15. Rad1 Qd6 16. Kh1 Bd7 17. Bh6 Rad8 18. Bxg7+ Kxg7 19. Qg5 h6 20. Qe3 Ng8 21.
Ne2 Nf6 22. h3 Qe5 23. c3 Nh5 24. Nf4 Nxf4 25. Rxf4 g5 26. Rff1 f4 27. Qe2 Rde8
28. Qh5 g4 29. Qxe5+ Rxe5 30. d6 gxh3 31. g3 fxg3 32. Rxf8 Kxf8 33. dxc7 Ke7
34. b4 e3 35. Be2 Bc6+ 0-1

[Event "KEM 2011/2012"]
[Site "Recklinghausen"]
[Date "2011.10.14"]
[Round "1"]
[White "Pientka, Roman"]
[Black "Bleich, Karl-Heinz"]
[Result "1-0"]
[WhiteElo "1709"]
[BlackElo "1452"]
[PlyCount "103"]
[EventDate "2011.??.??"]
[EventType "swiss"]
[EventCountry "GER"]

1. e4 e5 2. Nf3 d6 3. Bc4 Be7 4. d4 exd4 5. Nxd4 Nf6 6. Nc3 O-O 7. O-O Nbd7 8.
Nf5 Ne5 9. Nxe7+ Qxe7 10. Bb3 Bd7 11. f3 c5 12. Nd5 Nxd5 13. Bxd5 Rab8 14. Be3
Be6 15. Bf4 Rfd8 16. b3 b5 17. Qd2 c4 18. Rfd1 Rbc8 19. Qd4 cxb3 20. cxb3 Rc2
21. Bxe6 Nc6 22. Bxf7+ Qxf7 23. Qd5 Qxd5 24. Rxd5 Nb4 25. Rxb5 Nxa2 26. Bg5
Rdc8 27. Ra5 Nc3 28. Rxa7 Ne2+ 29. Kf1 Nd4 30. Rd7 Nxb3 31. Raa7 Nd2+ 32. Ke1
Nxf3+ 33. gxf3 Rxh2 34. Rxg7+ Kh8 35. Rgc7 Rb8 36. Rab7 Ra8 37. Bf6+ Kg8 38.
Rg7+ Kf8 39. Rxh7 Rxh7 40. Rxh7 Ra2 41. Bg5 Kg8 42. Rd7 Ra6 43. Bf4 d5 44. Rxd5
Kf7 45. Ke2 Ra3 46. Rd3 Ra6 47. Bd2 Ke6 48. f4 Ra8 49. f5+ Ke7 50. Kf3 Kf6 51.
Kf4 Ra4 52. Bc3+ 1-0

[Event "KEM 2011/2012"]
[Site "Recklinghausen"]
[Date "2011.10.14"]
[Round "1.9"]
[White "Ritter, Wolfgang"]
[Black "Strohmann, Marcel"]
[Result "0-1"]
[WhiteElo "1561"]
[BlackElo "1725"]
[PlyCount "42"]
[EventDate "2011.??.??"]
[EventType "swiss"]
[EventCountry "GER"]

1. e4 Nf6 2. Nc3 d5 3. exd5 Nxd5 4. Nxd5 Qxd5 5. Nf3 Bg4 6. Be2 Nc6 7. c3 O-O-O
8. d4 e5 9. h3 Bh5 10. O-O exd4 11. Nxd4 Bxe2 12. Qxe2 Nxd4 13. Qg4+ Ne6 14.
Be3 Bc5 15. Rad1 Qe5 16. Rfe1 Rxd1 17. Qxd1 Rd8 18. Qf3 f6 19. Kf1 Bxe3 20.
Rxe3 Qh2 21. g4 Nf4 0-1

[Event "KEM 2011/2012"]
[Site "Recklinghausen"]
[Date "2011.10.14"]
[Round "1.8"]
[White "Schawacht, Max"]
[Black "Deregowski, Richard"]
[Result "1-0"]
[WhiteElo "1730"]
[BlackElo "1488"]
[PlyCount "75"]
[EventDate "2011.??.??"]
[EventType "swiss"]
[EventCountry "GER"]

1. e4 d6 2. d4 Nf6 3. Nc3 g6 4. f4 e6 5. Nf3 Bg7 6. Bb5+ Bd7 7. Qe2 a6 8. Bxd7+
Qxd7 9. e5 Ng8 10. Be3 d5 11. Nd2 h5 12. Nb3 b6 13. a4 Bf8 14. O-O Nh6 15. a5
b5 16. h3 Nc6 17. Qf3 Bb4 18. Ne2 Be7 19. c3 Nd8 20. Nbc1 Nb7 21. b4 O-O-O 22.
Nd3 Rdf8 23. Nc5 Nxc5 24. bxc5 c6 25. Nc1 Nf5 26. Bf2 Rh7 27. Nd3 Kb7 28. Rfb1
Ka7 29. Nb4 Rg8 30. Ra2 h4 31. Rab2 Bd8 32. c4 Ne7 33. cxb5 cxb5 34. Qc3 Nc6
35. Nxa6 Kxa6 36. Rxb5 Bc7 37. Qd3 Bxa5 38. Rb7# 1-0

[Event "KEM 2011/2012"]
[Site "Recklinghausen"]
[Date "2011.10.14"]
[Round "1"]
[White "Schicktanz, Florian"]
[Black "Michalicek, Roland"]
[Result "1/2-1/2"]
[WhiteElo "1516"]
[BlackElo "1937"]
[PlyCount "125"]
[EventDate "2011.??.??"]
[EventType "swiss"]
[EventCountry "GER"]

1. c4 e6 2. Nc3 d5 3. e3 Nf6 4. d4 Nbd7 5. Bd3 c6 6. Nge2 Bd6 7. e4 Nxe4 8.
Nxe4 dxe4 9. Bxe4 e5 10. d5 Nf6 11. Bg5 Qa5+ 12. Bd2 Qb6 13. Nc3 Nxe4 14. Nxe4
cxd5 15. cxd5 O-O 16. a3 Rd8 17. Bg5 f6 18. Be3 Qa6 19. b4 f5 20. Bg5 Rd7 21.
Nc3 f4 22. Bh4 Qc4 23. Rc1 f3 24. g3 Qg4 25. h3 Qh5 26. Nb5 g5 27. Nxa7 Bc7 28.
Nxc8 Rxc8 29. Qb3 Kg7 30. Rc4 gxh4 31. Rg4+ Kh8 32. Rxh4 Qf5 33. O-O Bb6 34.
Kh2 Qc2 35. Qxf3 Rd6 36. Qf7 Rg8 37. Rc1 Qxf2+ 38. Qxf2 Bxf2 39. Kg2 Bxg3 40.
Rg4 Rxg4 41. hxg4 Bf4 42. Rc8+ Kg7 43. Rc7+ Kg6 44. Rxb7 Rxd5 45. a4 Rd4 46. a5
e4 47. a6 h6 48. a7 Rd2+ 49. Kf1 Ra2 50. b5 Be3 51. b6 Bxb6 52. Rxb6+ Kg5 53.
Re6 Kf4 54. Rg6 Rxa7 55. Rxh6 Ke3 56. g5 Ra1+ 57. Kg2 Ke2 58. g6 Ra6 59. g7
Rxh6 60. g8=Q Rc6 61. Qe8 Rc4 62. Qb5 Kd3 63. Qb3+ 1/2-1/2

[Event "KEM 2011/2012"]
[Site "Recklinghausen"]
[Date "2011.10.14"]
[Round "1"]
[White "Sekulla, Markus"]
[Black "Heiduk, Christopher"]
[Result "1/2-1/2"]
[WhiteElo "1637"]
[BlackElo "1364"]
[PlyCount "114"]
[EventDate "2011.??.??"]
[EventType "swiss"]
[EventCountry "GER"]

1. e4 e6 2. d4 d5 3. exd5 exd5 4. Nc3 Nf6 5. Bf4 Bb4 6. Bd2 O-O 7. Nf3 Bg4 8.
Be2 Nc6 9. a3 Ba5 10. b4 Bb6 11. Be3 Ne4 12. Na4 Re8 13. O-O Ne7 14. Bd3 Ng6
15. h3 Bxf3 16. Qxf3 Bxd4 17. Bxd4 Nd2 18. Qg3 Nxf1 19. Rxf1 c6 20. h4 Qxh4 21.
Qxh4 Nxh4 22. c4 dxc4 23. Bb1 b5 24. Nc5 a5 25. f3 axb4 26. axb4 Ng6 27. Be4
Rac8 28. Nb7 Re7 29. Na5 Nf4 30. Bc5 Rec7 31. Bd6 Rd7 32. Bxf4 Re7 33. Nxc6
Rxe4 34. fxe4 Rxc6 35. Rc1 Kf8 36. Kf2 Ke7 37. Ke3 Ra6 38. Kd4 Rc6 39. Kc3 f6
40. e5 g5 41. exf6+ Kxf6 42. Be3 Rd6 43. Bd4+ Kf5 44. Ra1 Ke4 45. Re1+ Kd5 46.
Re5+ Kc6 47. Rc5+ Kb6 48. Rxg5+ Ka6 49. Rh5 Rg6 50. Rxh7 Rg3+ 51. Kd2 Rd3+ 52.
Ke2 Rxd4 53. Rg7 Rd3 54. Rg6+ Kb7 55. Rg7+ Kc6 56. Rg6+ Rd6 57. Rg5 Rd5 1/2-1/2

[Event "KEM 2011/2012"]
[Site "Recklinghausen"]
[Date "2011.10.14"]
[Round "1"]
[White "Stahlhofen, Thomas"]
[Black "Gasper, Jörn"]
[Result "1-0"]
[WhiteElo "1761"]
[BlackElo "1554"]
[PlyCount "49"]
[EventDate "2011.??.??"]
[EventType "swiss"]
[EventCountry "GER"]

1. d4 d5 2. Nf3 Nf6 3. c4 c6 4. Nc3 Bf5 5. cxd5 cxd5 6. Qb3 b6 7. Bf4 e6 8. Nb5
Qd7 9. Nc7+ Kd8 10. Nxa8 Bd6 11. Ne5 Bxe5 12. Bxe5 Nc6 13. Nxb6 axb6 14. Qxb6+
Ke7 15. Qc5+ Ke8 16. e3 Ne4 17. Qb6 Kf8 18. Bb5 Qd8 19. Bc7 Qh4 20. g3 Nxg3 21.
fxg3 Qe4 22. Bd6+ Kg8 23. Kf2 Qc2+ 24. Be2 Bd3 25. Rhe1 1-0

[Event "KEM 2011/2012"]
[Site "Recklinghausen"]
[Date "2011.10.14"]
[Round "1"]
[White "Wickenfeld, Udo"]
[Black "Nagel, Frank"]
[Result "0-1"]
[WhiteElo "1472"]
[BlackElo "1632"]
[PlyCount "80"]
[EventDate "2011.??.??"]
[EventType "swiss"]
[EventCountry "GER"]

1. d4 d5 2. Nf3 Nf6 3. c4 c6 4. cxd5 cxd5 5. Bf4 Nc6 6. Nc3 e6 7. e3 Bb4 8. Bd3
O-O 9. O-O Nh5 10. Bg5 Be7 11. Bxe7 Qxe7 12. Ne5 Nf6 13. Nxc6 bxc6 14. Rc1 c5
15. dxc5 Qxc5 16. Ne4 Qe7 17. Ng3 Bb7 18. Qb3 Rfc8 19. Rc2 Rxc2 20. Bxc2 Ba6
21. Bd3 Bxd3 22. Qxd3 Qc5 23. Ne2 Rc8 24. Nc3 Rb8 25. Qd2 {R} Qb4 26. Rb1 h6
27. f3 Ne8 28. Qc2 Nd6 29. Kf2 Qh4+ 30. Kg1 Nc4 31. Qe2 Qd8 32. Na4 Rc8 33. Nc3
Qb6 34. Kh1 Qxe3 35. Qxe3 Nxe3 36. h3 d4 37. Ne4 Rc2 38. a4 d3 39. g4 d2 40.
Nf2 Rc1+ 0-1